BANKING LAW AND PRACTICE IN INDIA (Record no. 19776)
[ view plain ]
| 000 -LEADER | |
|---|---|
| fixed length control field | 00327nam a22001457a 4500 |
| 003 - CONTROL NUMBER IDENTIFIER | |
| control field | SGT |
| 020 ## - INTERNATIONAL STANDARD BOOK NUMBER | |
| International Standard Book Number | 9788131250976 |
| 082 ## - DEWEY DECIMAL CLASSIFICATION NUMBER | |
| Classification number | 346.080954 |
| Item number | GUP |
| 100 ## - MAIN ENTRY--PERSONAL NAME | |
| Personal name | GUPTA, RAJESH NARAIN |
| 245 ## - TITLE STATEMENT | |
| Title | BANKING LAW AND PRACTICE IN INDIA |
| 250 ## - EDITION STATEMENT | |
| Edition statement | 27 |
| 260 ## - PUBLICATION, DISTRIBUTION, ETC. (IMPRINT) | |
| Place of publication, distribution, etc | GURGAON |
| Name of publisher, distributor, etc | LEXIS NEXIS |
| Year of Publication | 2017 |
| 300 ## - PAGE DESCRIPTION | |
| No. of Pages | 2533 |
| 942 ## - ADDED ENTRY ELEMENTS (KOHA) | |
| Source of classification or shelving scheme | Dewey Decimal Classification |
| Koha item type | Books |
| Withdrawn status | Lost status | Source of classification or shelving scheme | Damaged status | Not for loan | Collection code | Home library | Current library | Shelving location | Date acquired | Vendor Name | Cost, normal purchase price | Volume Information (Serial or Books or Non-Book Material) | SGTU | Full call number | Accession No. (Barcode) | Date last seen | Bill Date | Koha item type |
|---|---|---|---|---|---|---|---|---|---|---|---|---|---|---|---|---|---|---|
| Dewey Decimal Classification | Not For Loan | LAW | SGT Science & Social Sciences Library | SGT Science & Social Sciences Library | Reference Book | 17/02/2020 | COMMERCIAL BOOK HOUSE | 6995.00 | 1 | SGTU | 346.080954 GUP | FL2426 | 17/02/2020 | 17/02/2020 | Books | |||
| Dewey Decimal Classification | Not For Loan | LAW | SGT Science & Social Sciences Library | SGT Science & Social Sciences Library | Reference Book | 17/02/2020 | COMMERCIAL BOOK HOUSE | 6995.00 | 2 | SGTU | 346.080954 GUP | FL2427 | 17/02/2020 | 17/02/2020 | Books | |||
| Dewey Decimal Classification | Not For Loan | LAW | SGT Science & Social Sciences Library | SGT Science & Social Sciences Library | Reference Book | 17/02/2020 | COMMERCIAL BOOK HOUSE | 6995.00 | 3 | SGTU | 346.080954 GUP | FL2428 | 17/02/2020 | 17/02/2020 | Books |